| 000 | 00835cam a2200217 4500 | ||
|---|---|---|---|
| 001 | WB3801-31 | ||
| 008 | 011218n2001 000 0 eng u | ||
| 035 | _a(Sirsi) u116024 | ||
| 245 | _aAverage earners priced out of house market | ||
| 260 | _c2001 | ||
| 490 |
_aNegotiator _v16(25) 14 December 2001, 5(1) |
||
| 520 | _aIndependent research group Labour Research Department's study found that workers on average incomes can not afford to buy the average house in many areas of the country. Parts of London and the South East showed the greatest gaps in affordability. Table. | ||
| 590 | _aWB | ||
| 650 | _aHOUSE PRICES | ||
| 650 | _aAFFORDABILITY | ||
| 650 | _aAVERAGE EARNINGS | ||
| 650 | _aLOCAL AUTHORITIES | ||
| 650 | _aSTATISTICS | ||
| 690 | _aPROPERTY-RESIDENTIAL PROPERTY-RESIDENTIAL PROPERTY MARKET | ||
| 942 | _n0 | ||
| 999 |
_c69130 _d69130 |
||